书目信息 |
| 题名: |
市场基本功
|
|
| 作者: | 赵凡禹 编著 | |
| 分册: | ||
| 出版信息: | 北京 企业管理出版社 2003.10 |
|
| 页数: | 336页 | |
| 开本: | 21cm | |
| 丛书名: | 现代企业管理基本功丛书 | |
| 单 册: | ||
| 中图分类: | F713.50 | |
| 科图分类: | ||
| 主题词: | 市场学 | |
| 电子资源: | ||
| ISBN: | 7-80147-931-9 | |
| 000 | 01324nam 2200301 450 | |
| 001 | 192004003658 | |
| 005 | 20070906103437.84 | |
| 010 | @a7-80147-931-9@dCNY29.80 | |
| 100 | @a20070602d2003 em y0chiy0121 ea | |
| 101 | 0 | @achi |
| 102 | @aCN@b110000 | |
| 105 | @aa z 000yy | |
| 200 | 1 | @a市场基本功@Ashi chang ji ben gong@d= THE BASIC SKILLS OF MARKETING@e如何发现商机和利润的学问@e成长为卓越经营者的中国策略@f赵凡禹编著@zeng |
| 210 | @a北京@c企业管理出版社@d2003.10 | |
| 215 | @a336页@c图@d21cm | |
| 225 | 2 | @a现代企业管理基本功丛书@Axian dai qi ye guan li ji ben gong cong shu |
| 300 | @a并列题名:THE B ASIC SKILLS OF MARKETING | |
| 300 | @a其他题名:如何发现商机和利润的学问 | |
| 330 | @a本书结构科学严谨,内容丰富实用,语言简明生动,实例分析新鲜活泼,具体包括市场战略、市场定位、产品研发、成本管理、市场营销、客户管理、品牌管理、市场竞争等企业经营的重要内容。适合管理专业人员阅读。 | |
| 410 | 0 | @12001 @a现代企业管理基本功丛书 |
| 510 | 1 | @aTHE BASIC SKILLS OF MARKETING@zeng |
| 517 | 1 | @a成长为卓越经营者的中国策略@Acheng chang wei zhuo yue jing ying zhe de zhong guo ce lue |
| 517 | 1 | @a如何发现商机和利润的学问@Aru he fa xian shang ji he li run de xue wen |
| 606 | 0 | @a市场学 |
| 690 | @aF713.50@v4 | |
| 701 | 0 | @a赵凡禹@Azhao fan yu@4编著 |
| 801 | 0 | @aCN@c20070906 |
| 905 | @dF713.50@eZ3082 | |
| 市场基本功= THE BASIC SKILLS OF MARKETING:如何发现商机和利润的学问:成长为卓越经营者的中国策略/赵凡禹编著.-北京:企业管理出版社,2003.10 |
| 336页:图;21cm.-(现代企业管理基本功丛书) |
| 并列题名:THE B ASIC SKILLS OF MARKETING.-其他题名:如何发现商机和利润的学问 |
| ISBN 7-80147-931-9:CNY29.80 |
| 本书结构科学严谨,内容丰富实用,语言简明生动,实例分析新鲜活泼,具体包括市场战略、市场定位、产品研发、成本管理、市场营销、客户管理、品牌管理、市场竞争等企业经营的重要内容。适合管理专业人员阅读。 |
| ● |
| 相关链接 |
|
|
|
正题名:市场基本功
索取号:F713.50/Z3082
 
预约/预借
| 序号 | 登录号 | 条形码 | 馆藏地/架位号 | 状态 | 备注 |
| 1 | 619823 | 206198238 | 社科库409/409社科库 44排1列3层/ [索取号:F713.50/Z3082] | 在馆 | |
| 2 | 619824 | 206198247 | 社科库409/409社科库 44排1列3层/ [索取号:F713.50/Z3082] | 在馆 | |
| 3 | 619825 | 206198256 | 社科库409/422社科库 36排3列3层/ [索取号:F713.50/Z3082] | 在馆 |